[Event "EU-ch U14"]
[Site "Batumi"]
[Date "2010.09.20"]
[Round "1"]
[White "Oganian, Miran"]
[Black "Tsomaia, Rati"]
[Result "1-0"]
[WhiteElo "2133"]
[BlackElo "1788"]
[PlyCount "69"]
[EventDate "2010.09.20"]
[EventType "swiss"]
[EventRounds "9"]
[EventCountry "GEO"]
[SourceTitle "CBM 138 Extra"]
[Source "ChessBase"]
[SourceDate "2010.10.29"]
[SourceVersion "1"]
[SourceVersionDate "2010.10.29"]
[SourceQuality "1"]

1. d4 Nf6 2. c4 e6 3. Nf3 c5 4. d5 b5 5. Bg5 exd5 6. cxd5 h6 7. Bxf6 Qxf6 8. Qc2 d6 9. e4 a6 10. a4 b4 11. Nbd2 Bg4 12. Be2 Nd7 13. Nc4 g5 14. 0-0 Bg7 15. e5 dxe5 16. Nfd2 Bxe2 17. Ne4 Qg6 18. Ned6+ Kd8 19. Qxe2 f5 20. Na5 Kc7 21. Ndc4 e4 22. d6+ Kc8 23. Rac1 Re8 24. Nc6 Bf6 25. Nxb4 Qg8 26. Rfd1 f4 27. Nd5 Bd8 28. a5 Kb7 29. b4 Rc8 30. Qb2 Qh8 31. Qb3 Ka7 32. Ndb6 Bxb6 33. Nxb6 Red8 34. Nxc8+ Rxc8 35. bxc5 1-0